Wild plants in trade / (Registro nro. 3659)

Detalles MARC
000 -CABECERA
Campo de control 00805cam a2200229 a 4500
005 - FECHA Y HORA DE LA ULTIMA TRANSACCION
Campo de control 20160223153247.0
008 - ELEMENTOS DE LONGITUD FIJA—INFORMACION GENERAL
Campo de control 940412s1992 enka b 000 0 eng
020 ## - ISBN
ISBN 0947613897
040 ## - FUENTE DE CATALOGACIÓN
Agencia catalogadora original DLC
Agencia transcriptora DLC
Agencia Modificadora DLC
-- CO-BoIAVH
041 0# - IDIOMA
Código de idioma para texto/pista de sonido o título separado Inglés
044 ## - PAÍS DE PUBLICACIÓN
País de publicación Inglaterra
082 04 - NUMERO DE CLASIFICACION DECIMAL DEWEY
Número de clasificación 333.9522
Número del ítem J52w
100 1# - ASIENTO PRINCIPAL--NOMBRE PERSONAL
Nombre personal Jenkins, Martin,
Fechas asociadas con el nombre 1959-
9 (RLIN) 62349
245 10 - MENCION DE TITULO
Título Wild plants in trade /
Mención de responsabilidad Martin Jenkins and Sara Oldfield.
260 ## - PUBLICACION, DISTRIBUCION, ETC. (PIE DE IMPRENTA)
Lugar de publicación, distribución, etc. Cambridge, U.K. :
Nombre del editor, distribuidor, etc. Traffic International,
Fecha de publicación, distribución, etc. c1992.
300 ## - DESCRIPCION FISICA
Extensión ii, 36 páginas :
Otros detalles físicos ilustraciones (algunas a color) ;
Dimensiones 30 x 21 cm.
504 ## - NOTA DE BIBLIOGRAFIA, ETC.
Nota de bibliografía Incluye referencias bibliográficas (página 31).
650 #6 - ASIENTO SECUNDARIO DE MATERIA - TERMINO TEMATICO
Término temático o nombre geográfico como elemento de entrada Comercio de productos forestales
Subdivisión geográfica Europa.
9 (RLIN) 62350
650 #6 - ASIENTO SECUNDARIO DE MATERIA - TERMINO TEMATICO
Término temático o nombre geográfico como elemento de entrada Comercio de productos forestales
Subdivisión general plantas
9 (RLIN) 62351
700 1# - ASIENTO SECUNDARIO - NOMBRE PERSONAL
Nombre personal Oldfield, Sara.
9 (RLIN) 20575
942 ## - ELEMENTOS ADICIONALES (KOHA)
Sistema de clasificación Dewey Decimal Classification
Tipo de ítem Libro
Existencias
Withdrawn status Lost status Sistema de Clasificación Damaged status No para préstamo Colección Inventariado Ubicación Permanente Ubicación actual Fecha de adquisición Fuente de Valor Valor Total Checkouts Número topográfico Inventario / Código de Barras Date last seen Ejemplar Price effective from Forma de adquisición Tipo de material
    Dewey Decimal Classification     General Inventariado 2017 Bogotá Bogotá 02/02/2004 Instituto 39000.00   LB-333.9522 J52w 015391 04/12/2012 Ej. 1 04/12/2012   Libro